|
|
|
|
| LEADER |
01156nam a2200313 a 4500 |
| 001 |
377 |
| 003 |
BD-DhAAL |
| 005 |
20150521101645.0 |
| 008 |
150521s1994 nyua 001 0 eng |
| 010 |
|
|
|a 93080937
|
| 020 |
|
|
|a 0070515786
|
| 040 |
|
|
|a DLC
|c DLC
|d DLC
|d BD-DhAAL
|
| 050 |
0 |
0 |
|a HF5548.4.L67
|b S75 1994
|
| 082 |
0 |
0 |
|a 005.369
|2 20
|
| 100 |
1 |
|
|a Stipes, Jeffrey A.
|9 11208
|
| 245 |
1 |
0 |
|a Introducing Lotus 1-2-3 release 4 for Windows /
|c Jeffrey Stipes & Tim Trainor.
|
| 260 |
|
|
|a New York :
|b Mitchell McGraw-Hill,
|c c1994.
|
| 300 |
|
|
|a xi, 132 p. :
|b ill. ;
|c 26 cm.
|
| 490 |
1 |
|
|a "Introducing" series (Mitchell McGraw-Hill
|
| 500 |
|
|
|a Includes index.
|
| 541 |
|
|
|e 377
|
| 650 |
|
0 |
|a Business
|x Computer programs.
|9 9019
|
| 650 |
|
0 |
|a Electronic spreadsheets.
|9 9597
|
| 700 |
1 |
|
|a Trainor, Timothy N.,
|d 1953-
|9 11209
|
| 740 |
0 |
|
|a Lotus 1-2-3 release 4 for Windows.
|
| 830 |
|
0 |
|a "Introducing" series (Mitchell McGraw-Hill)
|9 11210
|
| 942 |
|
|
|2 ddc
|c BK
|
| 999 |
|
|
|c 34462
|d 34462
|
| 952 |
|
|
|0 0
|1 0
|2 ddc
|4 0
|6 005_369000000000000_STI
|7 0
|9 53797
|a SCL
|b SCL
|c GEN
|d 2015-05-21
|e Gift: The Asia Foundation
|l 0
|o 005.369 STI
|p 3020000377
|r 2015-05-21
|t 1
|w 2015-05-21
|y BK
|